Black Canary Franchise - Statistics

General Stats
  • This quiz has been taken 11 times
  • The average score is 6 of 8
Answer Stats
Type Year Name Info % Correct
Comic Series 1999-2009 Birds of Prey DC Comics
100%
TV Show 2002-2003 Birds of Prey The WB
100%
Comic Series 2010-2011 Birds of Prey DC Comics
100%
Comic Series 2011-2014 Birds of Prey DC Comics
100%
Comic One-Shot 1995 Black Canary/Oracle: Birds of Prey DC Comics
100%
Film 2020 Birds of Prey and the Fantabulous Emancipation of One Harley Quinn Warner Bros.
83%
Graphic Novel 2014 Bloodspell DC Comics
33%
Comic Series 2016-2018 Batgirl and the Birds of Prey DC Comics
17%
No matching quizzes found
Score Distribution
Percent of People with Each Score
Percentile by Number Answered
Your Score History
You have not taken this quiz